Environmental physiology of plants (Record no. 36640)

MARC details
000 -LEADER
fixed length control field 00526nam a2200205Ia 4500
082 ## - DEWEY DECIMAL CLASSIFICATION NUMBER
Classification number 581.5
Item number FIT;2
100 ## - MAIN ENTRY--AUTHOR NAME
Personal name FITTER, A H
245 #0 - TITLE STATEMENT
Title Environmental physiology of plants
260 ## - PUBLICATION, DISTRIBUTION, ETC. (IMPRINT)
Place of publication London
Name of publisher Academic
Year of publication 1981
490 ## - SERIES STATEMENT
Series statement Experimental botany. V 15
650 ## - SUBJECT ADDED ENTRY--TOPICAL TERM
Topical Term Ecology
650 ## - SUBJECT ADDED ENTRY--TOPICAL TERM
Topical Term Environmental stress
650 ## - SUBJECT ADDED ENTRY--TOPICAL TERM
Topical Term Environmrntal physiology
650 ## - SUBJECT ADDED ENTRY--TOPICAL TERM
Topical Term Mineral
650 ## - SUBJECT ADDED ENTRY--TOPICAL TERM
Topical Term Nutrient
650 ## - SUBJECT ADDED ENTRY--TOPICAL TERM
Topical Term Photoperiodism
700 ## - ADDED ENTRY--PERSONAL NAME
Personal name HAY, R K M
942 ## - ADDED ENTRY ELEMENTS (KOHA)
Koha item type Books
Holdings
Withdrawn status Lost status Damaged status Not for loan Home library Current library Date acquired Full call number Accession Number Koha item type
        RRII Library RRII Library 16/12/2021 581.5 FIT;2 17043 Books